| 000 | 01163nmc a2200421 a 4500 | ||
|---|---|---|---|
| 003 | AR-BaBNM | ||
| 005 | 20251128204549.0 | ||
| 008 | 011101s1993 ||||||||||||||000 | spa|| | ||
| 020 | _a950-701-146-3 | ||
| 040 | _cAR-BaBNM | ||
| 100 | 1 | _aChiovetta, Alicia | |
| 245 | 1 | 0 |
_aSana, sana... _bcuidar la salud en la educación inicial |
| 250 | _a1ª ed. | ||
| 260 |
_aBuenos Aires _bAique _c1993 |
||
| 300 | 0 |
_a230 p. _bil. |
|
| 490 | 0 | _aAportes a la educación inicial | |
| 504 | _aBibliografía en p. 227-230 | ||
| 650 | 4 | _aEDUCACION AMBIENTAL | |
| 650 | 4 | _aSALUD | |
| 650 | 4 | _aHIGIENE | |
| 650 | 4 | _aEMBARAZO | |
| 650 | 4 | _aDERECHOS DEL NINO | |
| 650 | 4 | _aPROGRAMAS DE SALUD | |
| 650 | 4 | _aPREVENCION DE ENFERMEDADES | |
| 650 | 4 | _aENFERMEDADES | |
| 650 | 4 | _aACCIDENTES | |
| 650 | 4 | _aPREVENCION DE ACCIDENTES | |
| 650 | 4 | _aPRIMEROS AUXILIOS | |
| 650 | 4 | _aVACUNACION | |
| 653 | 0 | _aEDUCACION INICIAL | |
| 653 | 0 | _aEDUCACION PARA LA SALUD | |
| 653 | 0 | _aJARDINES MATERNALES | |
| 653 | 0 | _aJARDINES DE INFANTES | |
| 700 | 1 | _aSamper, Consuelo | |
| 800 | 1 |
_aGonzález Cuberes, María Teresa _ecoordinador |
|
| 942 | _cBK | ||
| 998 | _cMarce | ||
| 999 |
_c7937 _d7937 |
||